[Event "chess.com Speed 2019"]
[Site "chess.com INT"]
[Date "2019.11.19"]
[Round "2.32"]
[White "So, Wesley"]
[Black "Vachier-Lagrave, Maxime"]
[Result "0-1"]
[WhiteTitle "GM"]
[BlackTitle "GM"]
[WhiteElo "2767"]
[BlackElo "2774"]
[WhiteFideId "5202213"]
[BlackFideId "623539"]
[EventDate "2019.09.02"]

1. e4 h5 2. d4 d6 3. Nc3 h4 4. h3 a6 5. a4 b6 6. Be3 Bb7 7. Bd3 Nd7 8. Nf3 e6 9.
Qd2 Be7 10. O-O Ngf6 11. Kh1 c5 12. d5 exd5 13. Nxd5 Nxd5 14. exd5 Bxd5 15. Rae1
Bxf3 16. gxf3 Kf8 17. Be4 Ra7 18. Bf4 Nf6 19. Bd5 Rh5 20. Be4 d5 21. Bd3 c4 22.
Be2 Bd6 23. Rg1 Re7 24. Bxd6 Qxd6 25. Bxc4 Qd7 26. Bf1 Rxe1 27. Qxe1 Rf5 28.
Qb4+ Kg8 29. Qxh4 Rxf3 30. Bg2 Rf5 31. Rd1 g6 32. Kg1 Kg7 33. c4 Qxa4 34. Rd4
Qa1+ 35. Kh2 Qxb2 36. cxd5 Rxf2 0-1

[Event "chess.com Speed 2019"]
[Site "chess.com INT"]
[Date "2019.12.05"]
[Round "3.1"]
[White "Artemiev, Vladislav"]
[Black "So, Wesley"]
[Result "0-1"]
[WhiteTitle "GM"]
[BlackTitle "GM"]
[WhiteElo "2746"]
[BlackElo "2767"]
[WhiteFideId "24101605"]
[BlackFideId "5202213"]
[EventDate "2019.09.02"]

1. Nf3 d5 2. e3 Nf6 3. c4 e6 4. Nc3 c5 5. cxd5 Nxd5 6. d4 Nc6 7. Bd3 Be7 8. O-O
O-O 9. Re1 b6 10. Nxd5 exd5 11. Bb5 Bb7 12. b3 a6 13. Bd3 Bf6 14. Bb2 Re8 15.
Qd2 cxd4 16. Nxd4 Nxd4 17. Bxd4 Bxd4 18. exd4 Qd6 19. Re3 Rxe3 20. Qxe3 Bc6 21.
Rc1 Bb5 22. Bb1 Re8 23. Qc3 a5 24. Re1 Rxe1+ 25. Qxe1 f6 26. h4 Bd7 27. Qe3 Qe6
28. Qd2 Qg4 29. Qe3 Qd1+ 30. Kh2 Qxb1 31. Qe7 Qf5 32. Qd8+ Kf7 33. Kg1 Qb1+ 34.
Kh2 Qf5 35. Qxb6 Qxf2 36. Qc7 Qxh4+ 0-1

[Event "chess.com Speed 2019"]
[Site "chess.com INT"]
[Date "2019.12.05"]
[Round "3.2"]
[White "So, Wesley"]
[Black "Artemiev, Vladislav"]
[Result "1-0"]
[WhiteTitle "GM"]
[BlackTitle "GM"]
[WhiteElo "2767"]
[BlackElo "2746"]
[WhiteFideId "5202213"]
[BlackFideId "24101605"]
[EventDate "2019.09.02"]

1. e4 c6 2. d4 d5 3. e5 Bf5 4. Nf3 e6 5. Be2 Nd7 6. O-O Bg6 7. a4 Nh6 8. a5 Be7
9. c4 Nf5 10. g4 Nh6 11. h3 O-O 12. Nc3 f5 13. exf6 Rxf6 14. a6 b6 15. cxd5 exd5
16. g5 Rxf3 17. Bxf3 Bxg5 18. Nxd5 cxd5 19. Bxd5+ Nf7 20. f4 Bf6 21. f5 Nf8 22.
Bxa8 Qxa8 23. fxg6 Nxg6 24. Qf3 Qe8 25. Be3 Nh4 26. Qg3 Ng6 27. Rae1 Qd8 28. Bf2
h6 29. Qxg6 1-0

[Event "chess.com Speed 2019"]
[Site "chess.com INT"]
[Date "2019.12.05"]
[Round "3.3"]
[White "Artemiev, Vladislav"]
[Black "So, Wesley"]
[Result "1/2-1/2"]
[WhiteTitle "GM"]
[BlackTitle "GM"]
[WhiteElo "2746"]
[BlackElo "2767"]
[WhiteFideId "24101605"]
[BlackFideId "5202213"]
[EventDate "2019.09.02"]

1. d4 Nf6 2. c4 e6 3. Nc3 Bb4 4. g3 c5 5. Nf3 cxd4 6. Nxd4 O-O 7. Bg2 d5 8. O-O
dxc4 9. Qa4 Na6 10. Rd1 Bd7 11. Qc2 Qb6 12. Bg5 Rfd8 13. Ne4 Be7 14. Qxc4 Rac8
15. Qb3 Qxb3 16. axb3 Nc5 17. Nxc5 Bxc5 18. Bxb7 Rb8 19. Bg2 Be8 20. Nc6 Rxd1+
21. Rxd1 Rxb3 22. Rd8 Kf8 23. Bxf6 gxf6 24. Na5 Rxb2 25. Bc6 Rxe2 26. Rxe8+ Kg7
27. Nb7 Bb6 28. Nd6 Rxf2 29. Kh1 Rc2 30. Rc8 f5 31. Ne8+ Kg6 32. Nd6 Rc1+ 33.
Kg2 Rc2+ 34. Kh1 Rc1+ 35. Kg2 Rc2+ 36. Kh1 1/2-1/2

[Event "chess.com Speed 2019"]
[Site "chess.com INT"]
[Date "2019.12.05"]
[Round "3.4"]
[White "So, Wesley"]
[Black "Artemiev, Vladislav"]
[Result "0-1"]
[WhiteTitle "GM"]
[BlackTitle "GM"]
[WhiteElo "2767"]
[BlackElo "2746"]
[WhiteFideId "5202213"]
[BlackFideId "24101605"]
[EventDate "2019.09.02"]

1. e4 c5 2. Nf3 a6 3. c3 d5 4. exd5 Qxd5 5. d4 Nf6 6. Na3 e6 7. Nc4 Nbd7 8. Be2
Be7 9. O-O O-O 10. dxc5 Qxc5 11. Bf4 b5 12. Bd6 Bxd6 13. Nxd6 Nb6 14. Qd4 Qxd4
15. Nxd4 Rd8 16. Nxc8 Raxc8 17. Rfd1 Na4 18. Rab1 Ne4 19. Bf3 Nexc3 20. bxc3
Nxc3 21. Nc6 Nxd1 22. Nxd8 Nc3 23. Rb3 Nd5 24. Kf1 Rxd8 25. a4 bxa4 26. Ra3 Nb6
27. Rc3 Rd4 28. Rc7 g6 29. Ra7 a3 30. Rxa6 Ra4 0-1

[Event "chess.com Speed 2019"]
[Site "chess.com INT"]
[Date "2019.12.05"]
[Round "3.5"]
[White "Artemiev, Vladislav"]
[Black "So, Wesley"]
[Result "1/2-1/2"]
[WhiteTitle "GM"]
[BlackTitle "GM"]
[WhiteElo "2746"]
[BlackElo "2767"]
[WhiteFideId "24101605"]
[BlackFideId "5202213"]
[EventDate "2019.09.02"]

1. d4 Nf6 2. c4 e6 3. Nf3 d5 4. Qc2 Be7 5. Bg5 h6 6. Bh4 O-O 7. e3 c5 8. dxc5
Nbd7 9. Nc3 Nxc5 10. cxd5 Nxd5 11. Nxd5 Bxh4 12. Qxc5 exd5 13. Nxh4 Qxh4 14. Be2
d4 15. Qxd4 Qxd4 16. exd4 Rd8 17. Rd1 Be6 18. b3 Rac8 19. Bd3 Kf8 20. Bb1 Rd6
21. f3 Rcd8 22. Be4 b6 23. Ke2 Rxd4 24. Rxd4 Rxd4 25. Rc1 Ke7 26. Ke3 Rd6 27. f4
a5 28. Rc7+ Rd7 29. Rc6 Rd6 30. Rc7+ Rd7 31. Rc6 Rd6 32. Rc7+ 1/2-1/2

[Event "chess.com Speed 2019"]
[Site "chess.com INT"]
[Date "2019.12.05"]
[Round "3.6"]
[White "So, Wesley"]
[Black "Artemiev, Vladislav"]
[Result "1/2-1/2"]
[WhiteTitle "GM"]
[BlackTitle "GM"]
[WhiteElo "2767"]
[BlackElo "2746"]
[WhiteFideId "5202213"]
[BlackFideId "24101605"]
[EventDate "2019.09.02"]

1. e4 c5 2. Nf3 a6 3. c4 Nc6 4. d4 cxd4 5. Nxd4 e5 6. Nf5 d6 7. Nc3 g6 8. Ne3
Bh6 9. Bd3 Nge7 10. h4 Kf8 11. h5 Kg7 12. Bd2 Nd4 13. Nc2 Bxd2+ 14. Qxd2 Nec6
15. O-O-O Be6 16. Nxd4 Nxd4 17. Ne2 Qb6 18. Kb1 Rac8 19. Nxd4 Qxd4 20. b3 h6 21.
hxg6 fxg6 22. Bc2 Qxd2 23. Rxd2 Rc6 24. Rhd1 Rd8 25. c5 Rxc5 26. Rxd6 Rxd6 27.
Rxd6 Kf7 28. Kc1 Ke7 29. Rb6 Rc7 30. Kd2 h5 31. b4 h4 32. Bb3 Bxb3 33. axb3 Kf7
34. Rd6 g5 35. f3 Re7 36. Ke2 Rc7 37. Kd2 Re7 38. b5 axb5 39. Rb6 Rd7+ 40. Ke3
Rc7 41. Kf2 Rc2+ 42. Kg1 g4 43. fxg4 Re2 44. Kh2 Rxe4 45. Kh3 Rb4 46. Kxh4 Rxb3
47. g5 Rb2 48. g3 e4 49. g6+ Kg8 50. Kg5 Rg2 51. g4 e3 52. Rxb7 e2 53. Rb8+ Kg7
54. Re8 b4 55. Re7+ Kg8 56. Re8+ Kg7 57. Re7+ Kg8 58. Re8+ Kg7 1/2-1/2

[Event "chess.com Speed 2019"]
[Site "chess.com INT"]
[Date "2019.12.05"]
[Round "3.7"]
[White "Artemiev, Vladislav"]
[Black "So, Wesley"]
[Result "1-0"]
[WhiteTitle "GM"]
[BlackTitle "GM"]
[WhiteElo "2746"]
[BlackElo "2767"]
[WhiteFideId "24101605"]
[BlackFideId "5202213"]
[EventDate "2019.09.02"]

1. b3 d5 2. Bb2 Nf6 3. e3 e6 4. f4 Bd6 5. Nf3 Qe7 6. Be2 O-O 7. O-O c5 8. Ne5
Nfd7 9. c4 f6 10. Nf3 Nc6 11. Nc3 Nb6 12. Rc1 Rd8 13. Qe1 Bd7 14. Nb5 Bb8 15.
cxd5 Nxd5 16. Qh4 Be8 17. Bd3 Bg6 18. Bxg6 hxg6 19. Qg4 Ndb4 20. Qxg6 Nxa2 21.
Rxc5 Qxc5 22. Bxf6 Qf8 23. Bxd8 Qxd8 24. Qxe6+ 1-0

[Event "chess.com Speed 2019"]
[Site "chess.com INT"]
[Date "2019.12.05"]
[Round "3.8"]
[White "So, Wesley"]
[Black "Artemiev, Vladislav"]
[Result "1-0"]
[WhiteTitle "GM"]
[BlackTitle "GM"]
[WhiteElo "2767"]
[BlackElo "2746"]
[WhiteFideId "5202213"]
[BlackFideId "24101605"]
[EventDate "2019.09.02"]

1. e4 c5 2. Nf3 e6 3. d4 cxd4 4. Nxd4 Nc6 5. Nc3 a6 6. Nxc6 bxc6 7. Bd3 Qc7 8.
O-O Nf6 9. Re1 d5 10. Qf3 Be7 11. Bf4 e5 12. Bg5 d4 13. Na4 O-O 14. c3 Rd8 15.
b3 h6 16. Bd2 c5 17. cxd4 Rxd4 18. Bc3 Rd7 19. Nb2 Bb7 20. Nc4 Rd4 21. Qg3 Nd7
22. Na5 Bg5 23. Qf3 Rd6 24. Bc4 Rf6 25. Qg3 Bf4 26. Qg4 Nb6 27. g3 Nxc4 28. Nxc4
Re8 29. Rad1 Bc8 30. Qh5 Rg6 31. Rd5 Bg4 32. Qh4 h5 33. Bd2 Be6 34. Bxf4 Bxd5
35. exd5 f6 36. Qxh5 Qf7 37. Qe2 Qxd5 38. Rd1 Qc6 39. Be3 f5 40. Qh5 f4 41. Nxe5
Rxe5 42. Qxe5 fxe3 43. Qxe3 Re6 44. Qd3 Qe8 45. Qc4 Kh7 46. Qd3+ Kg8 47. h4 Re2
48. Qc4+ Kh7 49. Qxc5 Rxa2 50. Qf5+ Kg8 51. Qd5+ Kh8 52. Qd8 Qxd8 53. Rxd8+ Kh7
54. Kg2 a5 55. Ra8 Rb2 56. Rxa5 Rxb3 57. Ra6 Rc3 58. Re6 Rb3 59. Re3 Rb4 60. f3
Rb1 61. g4 Rb4 62. h5 Rb1 63. Kg3 Rg1+ 64. Kf4 Ra1 65. Re4 Ra3 66. g5 Ra1 67.
Kg4 Rg1+ 68. Kf5 Rh1 69. f4 Rxh5 70. Re8 g6+ 71. Kf6 Rxg5 72. Kxg5 1-0

[Event "chess.com Speed 2019"]
[Site "chess.com INT"]
[Date "2019.12.05"]
[Round "3.9"]
[White "Artemiev, Vladislav"]
[Black "So, Wesley"]
[Result "1/2-1/2"]
[WhiteTitle "GM"]
[BlackTitle "GM"]
[WhiteElo "2746"]
[BlackElo "2767"]
[WhiteFideId "24101605"]
[BlackFideId "5202213"]
[EventDate "2019.09.02"]

1. e4 e5 2. Bc4 Nf6 3. d3 c6 4. Nf3 d6 5. O-O Nbd7 6. c3 d5 7. Bb3 Bd6 8. Re1
O-O 9. Nbd2 Qc7 10. Nf1 Re8 11. Ng3 b6 12. Nf5 Bf8 13. d4 exd4 14. exd5 Rxe1+
15. Qxe1 Nc5 16. N5xd4 Nxb3 17. axb3 Nxd5 18. b4 Bb7 19. Bd2 c5 20. bxc5 bxc5
21. Nf5 Qd7 22. Ng3 Re8 23. Qf1 Nb6 24. Be3 Bxf3 25. gxf3 Qb7 26. Qb5 Re6 27. f4
h5 28. Nxh5 Qf3 29. Ng3 Nd5 30. Qe2 Qxe2 31. Nxe2 Nxe3 32. fxe3 Rxe3 33. Kf2 Rh3
34. Kg2 Rd3 35. Rxa7 Rd2 36. Kf3 Rxb2 37. f5 Rd2 38. Ra8 Rd3+ 39. Ke4 Rh3 40. c4
Rxh2 41. Nf4 Rd2 42. Nd5 f6 43. Ke3 Rd1 44. Nf4 Kf7 45. Ra7+ Ke8 46. Ra8+ Kf7
47. Ra7+ Ke8 48. Ra8+ Kf7 1/2-1/2

[Event "chess.com Speed 2019"]
[Site "chess.com INT"]
[Date "2019.12.05"]
[Round "3.10"]
[White "So, Wesley"]
[Black "Artemiev, Vladislav"]
[Result "1-0"]
[WhiteTitle "GM"]
[BlackTitle "GM"]
[WhiteElo "2767"]
[BlackElo "2746"]
[WhiteFideId "5202213"]
[BlackFideId "24101605"]
[EventDate "2019.09.02"]

1. e4 c6 2. d4 d5 3. e5 Bf5 4. Nf3 e6 5. Be2 h6 6. O-O Ne7 7. Nbd2 Nd7 8. Nb3 g5
9. a4 a5 10. Bd2 Qc7 11. Rc1 Bg7 12. c4 O-O 13. h4 g4 14. Ne1 f6 15. exf6 Nxf6
16. g3 dxc4 17. Bxc4 Ned5 18. Qe2 Ne4 19. Ng2 Nxd2 20. Qxd2 Qf7 21. Rfe1 b6 22.
Re2 Rad8 23. Rce1 Kh8 24. Ne3 Rd6 25. Nxf5 Qxf5 26. Bd3 Qf7 27. Bb1 Nb4 28. Qe3
Qf3 29. Qxf3 Rxf3 30. Nd2 Rf8 31. Rxe6 Rxd4 32. Ne4 Rfd8 33. Kg2 Kg8 34. Nf6+
Bxf6 35. Rxf6 R4d6 36. Ree6 Rxe6 37. Rxe6 h5 38. Bg6 Rd5 39. b3 Kg7 40. Be4 Rc5
41. Rg6+ Kf7 42. Rh6 Kg7 43. Rh7+ Kf6 44. f4 gxf3+ 45. Bxf3 Kg6 46. Rh8 Rc2+ 47.
Kh3 Rc5 48. Be4+ Kg7 49. Rh7+ Kf6 50. Rh6+ Kg7 51. Rg6+ Kf7 52. Rg5 Rxg5 53.
hxg5 b5 54. Kh4 bxa4 55. bxa4 c5 56. Kxh5 c4 57. Kh6 Kg8 58. Bh7+ 1-0

[Event "chess.com Speed 2019"]
[Site "chess.com INT"]
[Date "2019.12.05"]
[Round "3.12"]
[White "So, Wesley"]
[Black "Artemiev, Vladislav"]
[Result "1-0"]
[WhiteTitle "GM"]
[BlackTitle "GM"]
[WhiteElo "2767"]
[BlackElo "2746"]
[WhiteFideId "5202213"]
[BlackFideId "24101605"]
[EventDate "2019.09.02"]

1. e4 c5 2. Nf3 d6 3. d4 cxd4 4. Nxd4 Nf6 5. Nc3 a6 6. f3 Nc6 7. Be3 e6 8. Qd2
Be7 9. O-O-O O-O 10. g4 Nxd4 11. Bxd4 b5 12. g5 Nd7 13. h4 Ne5 14. Qg2 Qa5 15.
Kb1 b4 16. Ne2 Nc6 17. Bf6 e5 18. Bxe7 Nxe7 19. Rxd6 Be6 20. Nc1 Rfd8 21. Qd2
Nc6 22. Rxd8+ Rxd8 23. Bd3 Qb6 24. h5 a5 25. f4 exf4 26. Qxf4 a4 27. h6 g6 28.
Ne2 b3 29. Qf6 Kf8 30. Nf4 bxa2+ 31. Ka1 Nd4 32. Nxg6+ hxg6 33. h7 1-0

[Event "chess.com Speed 2019"]
[Site "chess.com INT"]
[Date "2019.12.05"]
[Round "3.13"]
[White "Artemiev, Vladislav"]
[Black "So, Wesley"]
[Result "0-1"]
[WhiteTitle "GM"]
[BlackTitle "GM"]
[WhiteElo "2746"]
[BlackElo "2767"]
[WhiteFideId "24101605"]
[BlackFideId "5202213"]
[EventDate "2019.09.02"]

1. b3 Nf6 2. Bb2 g6 3. g3 Bg7 4. Bg2 O-O 5. Nf3 b6 6. Ne5 d5 7. O-O Bb7 8. d4 c5
9. c4 cxd4 10. Bxd4 Nc6 11. Nxc6 Bxc6 12. Nc3 e6 13. Rc1 Rc8 14. Bxf6 Qxf6 15.
cxd5 Ba8 16. Nb5 a6 17. Nd6 Rcd8 18. Nc4 Bxd5 19. Qc2 Bxg2 20. Kxg2 b5 21. Ne3
Qe7 22. Rfd1 Bh6 23. Qe4 Qa3 24. Rxd8 Rxd8 25. Rc2 Bxe3 26. Qxe3 Qd6 27. Qf3 Qe5
28. Qb7 Rd1 29. Qc8+ Kg7 30. Qc3 Qxc3 31. Rxc3 Rd2 32. a3 Rxe2 33. Rc6 a5 34.
Rc5 Ra2 35. Rxb5 Rxa3 36. b4 axb4 37. Rxb4 Ra2 38. h4 Kf6 39. Rc4 h6 40. Rf4+
Kg7 41. Rb4 h5 42. Rc4 e5 43. Rb4 Kf6 44. Rc4 Kf5 45. Rc5 f6 46. Rb5 Rc2 47. Ra5
Rb2 48. Rc5 Rb4 49. Ra5 g5 50. hxg5 Kxg5 51. Ra8 h4 52. gxh4+ Rxh4 53. Kf3 Kf5
54. Ke2 Rb4 55. Rh8 Rb2+ 56. Ke3 Rb3+ 57. Ke2 e4 58. Rh5+ Kf4 59. Rh4+ Ke5 60.
Rh8 f5 61. Re8+ Kf4 62. Rh8 Rb2+ 63. Kf1 Kg4 64. Rg8+ Kf3 65. Rg3+ Kf4 66. Rh3
Rd2 67. Rh8 Rc2 68. Rh4+ Kg5 69. Rh8 f4 70. Rg8+ Kf5 71. Rf8+ Kg4 72. Kg2 e3 73.
Rg8+ Kf5 74. Rf8+ Kg5 75. Rg8+ Kf5 76. Rf8+ Ke5 77. Re8+ Kd6 78. Rd8+ Ke7 0-1

[Event "chess.com Speed 2019"]
[Site "chess.com INT"]
[Date "2019.12.05"]
[Round "3.14"]
[White "So, Wesley"]
[Black "Artemiev, Vladislav"]
[Result "0-1"]
[WhiteTitle "GM"]
[BlackTitle "GM"]
[WhiteElo "2767"]
[BlackElo "2746"]
[WhiteFideId "5202213"]
[BlackFideId "24101605"]
[EventDate "2019.09.02"]

1. e4 c5 2. Nf3 a6 3. c4 Nc6 4. d4 cxd4 5. Nxd4 e5 6. Nf5 d5 7. cxd5 Bxf5 8.
exf5 Nd4 9. Bd3 Nf6 10. Nc3 Be7 11. O-O O-O 12. Re1 Nxd5 13. Qg4 Nf6 14. Qg3 Kh8
15. Bg5 Nd7 16. Be3 Nc5 17. Rad1 Nxd3 18. Rxd3 Nf3+ 19. Qxf3 Qxd3 20. Qxb7 Bf6
21. Qe4 Qxe4 22. Nxe4 Be7 23. g4 f6 24. Kg2 Rac8 25. Bd2 Rfd8 26. Bc3 Kg8 27. h4
Kf7 28. g5 Rd3 29. f3 Rcd8 30. Nf2 R3d5 31. Ne4 Rd1 32. Re2 Rc1 33. Nf2 Bc5 34.
Ne4 Bb6 35. h5 Rdd1 36. g6+ Kg8 37. Ng3 Rd3 38. f4 Rg1+ 0-1

[Event "chess.com Speed 2019"]
[Site "chess.com INT"]
[Date "2019.12.05"]
[Round "3.15"]
[White "Artemiev, Vladislav"]
[Black "So, Wesley"]
[Result "0-1"]
[WhiteTitle "GM"]
[BlackTitle "GM"]
[WhiteElo "2746"]
[BlackElo "2767"]
[WhiteFideId "24101605"]
[BlackFideId "5202213"]
[EventDate "2019.09.02"]

1. d4 Nf6 2. Bg5 e6 3. Nd2 h6 4. Bh4 d5 5. e3 Be7 6. Bd3 Nbd7 7. Ngf3 b6 8. c3
Bb7 9. Qb1 c5 10. O-O O-O 11. a4 a6 12. Re1 Rc8 13. h3 Ne8 14. Bxe7 Qxe7 15. e4
cxd4 16. Nxd4 dxe4 17. Bxe4 Bxe4 18. Qxe4 Nd6 19. Qe2 a5 20. N2f3 Nc4 21. Rad1
Nf6 22. Nb5 Qc5 23. Nfd4 Rfd8 24. Nb3 Rxd1 25. Rxd1 Qe5 26. Qc2 Qe4 27. Rc1 Rd8
28. N3d4 e5 29. Nf3 Qxc2 30. Rxc2 Rd1+ 31. Kh2 e4 32. b3 exf3 33. bxc4 fxg2 34.
Kxg2 Ne4 35. Nc7 Rd2 36. Rxd2 Nxd2 37. Nd5 Nxc4 38. Kf3 f5 39. Ne7+ Kf7 40. Nxf5
Nb2 41. Ke4 Nxa4 42. Kd4 Nc5 43. Kc4 a4 44. Kb4 Kf6 45. Ne3 Ke6 46. Nc4 Nd3+ 47.
Kxa4 Nxf2 48. h4 h5 49. Kb5 Ne4 50. Kb4 g5 51. hxg5 h4 52. Ne3 h3 53. Nf1 Kf5
54. Kb5 Kxg5 55. Kxb6 Nxc3 56. Kc5 Kf4 57. Kd4 Ne4 58. Kd3 Kf3 59. Nh2+ Kg2 60.
Ng4 Nf2+ 0-1

[Event "chess.com Speed 2019"]
[Site "chess.com INT"]
[Date "2019.12.05"]
[Round "3.16"]
[White "So, Wesley"]
[Black "Artemiev, Vladislav"]
[Result "1-0"]
[WhiteTitle "GM"]
[BlackTitle "GM"]
[WhiteElo "2767"]
[BlackElo "2746"]
[WhiteFideId "5202213"]
[BlackFideId "24101605"]
[EventDate "2019.09.02"]

1. e4 c5 2. Nf3 e6 3. d4 cxd4 4. Nxd4 a6 5. c4 Nf6 6. Nc3 Bb4 7. Qd3 Qc7 8. Nc2
Be7 9. Be2 d6 10. O-O b6 11. f4 Bb7 12. Bd2 Nbd7 13. b4 Rc8 14. Rac1 O-O 15. g4
d5 16. cxd5 exd5 17. e5 Ne4 18. Nxd5 Bxd5 19. Qxd5 Nxd2 20. Qxd2 b5 21. Nd4 Qb6
22. Kg2 g6 23. a3 Nb8 24. Qe3 Rfd8 25. Rxc8 Rxc8 26. Bf3 Rd8 27. Rd1 Bf8 28. e6
fxe6 29. Qxe6+ Qxe6 30. Nxe6 Rxd1 31. Bxd1 Bd6 32. Bb3 Kh8 33. Bd5 Nd7 34. Bb7
Nb6 35. Bxa6 Nc4 36. a4 Bxb4 37. Bxb5 1-0

[Event "chess.com Speed 2019"]
[Site "chess.com INT"]
[Date "2019.12.05"]
[Round "3.17"]
[White "Artemiev, Vladislav"]
[Black "So, Wesley"]
[Result "1/2-1/2"]
[WhiteTitle "GM"]
[BlackTitle "GM"]
[WhiteElo "2746"]
[BlackElo "2767"]
[WhiteFideId "24101605"]
[BlackFideId "5202213"]
[EventDate "2019.09.02"]

1. Nf3 d5 2. g3 Nf6 3. Bg2 e6 4. c4 Be7 5. O-O O-O 6. cxd5 exd5 7. b3 Bg4 8. Bb2
Nbd7 9. d3 Bd6 10. Nbd2 Qe7 11. a3 Ne5 12. h3 Bxf3 13. Nxf3 Nxf3+ 14. Bxf3 Be5
15. Qc2 Bxb2 16. Qxb2 a5 17. Kg2 Rfe8 18. b4 c6 19. Rfc1 axb4 20. axb4 Rxa1 21.
Rxa1 Qc7 22. Qd4 Nd7 23. e3 Qb6 24. Qxb6 Nxb6 25. Ra7 Rb8 26. d4 Nc8 27. Ra5 Nd6
28. Rc5 Kf8 29. b5 Nxb5 30. Bxd5 Ra8 31. Bf3 Nc7 32. d5 Nxd5 33. Bxd5 cxd5 34.
Rxd5 Rb8 35. Rb5 Ke7 36. Kf3 Kd6 37. Ke2 Kc6 38. Rf5 f6 39. Rf4 b5 40. Kd2 Ra8
41. Kc3 Ra3+ 42. Kb2 Ra4 43. e4 Rd4 44. Kc3 Rc4+ 45. Kb3 Kb6 46. h4 Ka5 47. h5
Rb4+ 48. Kc2 Rc4+ 49. Kb3 Rb4+ 50. Kc2 Rc4+ 51. Kb3 1/2-1/2

[Event "chess.com Speed 2019"]
[Site "chess.com INT"]
[Date "2019.12.05"]
[Round "3.18"]
[White "So, Wesley"]
[Black "Artemiev, Vladislav"]
[Result "1/2-1/2"]
[WhiteTitle "GM"]
[BlackTitle "GM"]
[WhiteElo "2767"]
[BlackElo "2746"]
[WhiteFideId "5202213"]
[BlackFideId "24101605"]
[EventDate "2019.09.02"]

1. e4 c6 2. d4 d5 3. e5 Bf5 4. Nf3 e6 5. Be2 Nd7 6. O-O Bb4 7. Nbd2 Ba5 8. Re1
h6 9. c3 Ne7 10. Nf1 O-O 11. Ng3 Bh7 12. Be3 Bc7 13. Bd3 Bxd3 14. Qxd3 f6 15.
exf6 Rxf6 16. Bd2 Qe8 17. Re2 Nf8 18. Rae1 Qg6 19. Qxg6 Nexg6 20. h3 Re8 21. Nh2
Nf4 22. Bxf4 Bxf4 23. Nh5 Bxh2+ 24. Kxh2 Rf7 25. g3 g5 26. f4 Kh7 27. Kg2 Kg6
28. g4 gxf4 29. Kf3 Kh7 30. Re5 b6 31. b4 a5 32. bxa5 bxa5 33. g5 hxg5 34. Rxg5
Ng6 35. Reg1 Nh4+ 36. Kg4 Ng6 37. Kf3 Nh4+ 38. Kg4 Ng6 1/2-1/2

[Event "chess.com Speed 2019"]
[Site "chess.com INT"]
[Date "2019.12.05"]
[Round "3.19"]
[White "Artemiev, Vladislav"]
[Black "So, Wesley"]
[Result "0-1"]
[WhiteTitle "GM"]
[BlackTitle "GM"]
[WhiteElo "2746"]
[BlackElo "2767"]
[WhiteFideId "24101605"]
[BlackFideId "5202213"]
[EventDate "2019.09.02"]

1. e4 e5 2. Nc3 Nf6 3. Bc4 Nxe4 4. Qh5 Nd6 5. Bb3 g6 6. Qxe5+ Qe7 7. Qxe7+ Bxe7
8. Nd5 Bd8 9. d3 Nf5 10. Bf4 d6 11. Nf3 c6 12. g4 Ng7 13. Ne3 d5 14. O-O-O Na6
15. d4 h5 16. h3 Nc7 17. c4 dxc4 18. Nxc4 O-O 19. gxh5 Nxh5 20. Bd6 Re8 21. Be5
Nd5 22. Nd6 Re7 23. Rde1 Bc7 24. Bh2 Bxd6 25. Bxd6 Rxe1+ 26. Nxe1 Be6 27. Nd3
Rd8 28. Be5 b6 29. Ba4 f6 30. Bh2 Ne7 31. d5 Bxd5 32. Re1 Kf7 33. Bc2 g5 34. f4
Bc4 35. Nf2 Nxf4 36. Bxf4 gxf4 37. Re4 Be6 38. Rxf4 f5 39. Rf3 Bd5 40. Ra3 a5
41. Re3 Kf6 42. Nd3 Ng6 43. Nf2 Rh8 44. Bb3 f4 45. Rc3 Ne5 46. Bxd5 cxd5 47. Rb3
Rb8 48. Kd1 Nc4 49. Ke2 Kf5 50. Rb5 Re8+ 51. Kd1 Rd8 52. b3 Ne3+ 53. Ke2 Rd6 54.
Kf3 Nc2 55. Kg2 Nd4 0-1

[Event "chess.com Speed 2019"]
[Site "chess.com INT"]
[Date "2019.12.05"]
[Round "3.20"]
[White "So, Wesley"]
[Black "Artemiev, Vladislav"]
[Result "1-0"]
[WhiteTitle "GM"]
[BlackTitle "GM"]
[WhiteElo "2767"]
[BlackElo "2746"]
[WhiteFideId "5202213"]
[BlackFideId "24101605"]
[EventDate "2019.09.02"]

1. e4 c5 2. Nf3 a6 3. c4 e6 4. d4 cxd4 5. Nxd4 b6 6. Nc3 Bb7 7. g3 Nf6 8. Bg2
Bb4 9. Qe2 Bxc3+ 10. bxc3 d6 11. O-O Qc7 12. g4 h6 13. h4 Nc6 14. g5 hxg5 15.
hxg5 Nd7 16. g6 Nf6 17. f4 O-O-O 18. Rb1 Nxd4 19. cxd4 fxg6 20. d5 exd5 21. cxd5
Nd7 22. Be3 Nc5 23. e5 dxe5 24. Rfc1 exf4 25. Bxc5 bxc5 26. d6 Qxd6 27. Qg4+ Qd7
28. Bxb7+ 1-0

[Event "chess.com Speed 2019"]
[Site "chess.com INT"]
[Date "2019.12.05"]
[Round "3.21"]
[White "Artemiev, Vladislav"]
[Black "So, Wesley"]
[Result "0-1"]
[WhiteTitle "GM"]
[BlackTitle "GM"]
[WhiteElo "2746"]
[BlackElo "2767"]
[WhiteFideId "24101605"]
[BlackFideId "5202213"]
[EventDate "2019.09.02"]

1. b3 e5 2. Bb2 Nc6 3. e3 g6 4. Bb5 Bg7 5. f4 Nge7 6. Nf3 d6 7. fxe5 O-O 8. O-O
Nxe5 9. Nxe5 dxe5 10. Nc3 c6 11. Bc4 b5 12. Be2 f5 13. a4 b4 14. Bc4+ Kh8 15.
Ne2 Nd5 16. Qe1 Nb6 17. d3 Qe7 18. Rd1 c5 19. Bb5 Bb7 20. a5 a6 21. Bc4 Nxc4 22.
dxc4 Qg5 23. Qf2 Rad8 24. c3 h5 25. cxb4 cxb4 26. Qg3 Qxg3 27. hxg3 Be4 28. Nc1
Kh7 29. Kf2 Bc2 30. Rde1 Rd2+ 31. Re2 Rfd8 32. Re1 Bd1 33. c5 Bxe2 34. Rxe2 e4
35. Bxg7 Kxg7 36. c6 Rxe2+ 37. Nxe2 Rc8 38. Nd4 Kf6 39. Ke2 Kg5 40. Nc2 Rxc6 41.
Nxb4 Rd6 0-1

[Event "chess.com Speed 2019"]
[Site "chess.com INT"]
[Date "2019.12.05"]
[Round "3.22"]
[White "So, Wesley"]
[Black "Artemiev, Vladislav"]
[Result "1/2-1/2"]
[WhiteTitle "GM"]
[BlackTitle "GM"]
[WhiteElo "2767"]
[BlackElo "2746"]
[WhiteFideId "5202213"]
[BlackFideId "24101605"]
[EventDate "2019.09.02"]

1. e4 b6 2. d4 Bb7 3. Bd3 e6 4. Nf3 c5 5. c3 Nf6 6. Nbd2 Nc6 7. O-O d5 8. e5 Nd7
9. Re1 g5 10. h3 h5 11. g4 hxg4 12. hxg4 Qc7 13. Nf1 Be7 14. Ng3 O-O-O 15. Be3
f6 16. exf6 Bxf6 17. Bxg5 Rdg8 18. Bxf6 Nxf6 19. g5 Ng4 20. Rxe6 Kb8 21. Bf5 Qf4
22. Bxg4 Qxg4 23. Qe2 Rh3 24. Re8+ Rxe8 25. Qxe8+ Bc8 26. Kg2 Na5 27. Re1 Nc4
28. Ne5 Rxg3+ 29. fxg3 Qh3+ 30. Kf3 Qf5+ 31. Kg2 Qh3+ 32. Kf2 Qh2+ 33. Kf3 Nd2+
34. Ke3 Ne4 35. Nf3 Qf2+ 36. Kf4 Qxg3+ 37. Ke3 Qf2+ 38. Kf4 Qg3+ 39. Ke3 Qf2+
40. Kf4 Qg3+ 1/2-1/2